Statistiques concernant Liste des 20 pays qui consomment le plus d'alcool

Cliquez ici pour prendre le quiz!

Statistiques générales

  • Ce quiz a été pris 2 790 fois
  • Le résultat moyen est 13 sur 20

Statistiques - réponses

Litres par ans et par personnePays% Correct
711,50France
99%
511,60Russie
96%
179,80Espagne
92%
9+11,00Allemagne
90%
1011,00Pologne
84%
189.75Belgique
82%
12+10,20Portugal
78%
11+10,30Irlande
72%
1410,10Suisse
70%
199.70Royaume - Uni
58%
2+12,00Autriche
57%
6+11,50Hongrie
53%
169,90Australie
52%
114,00Lituanie
52%
312,00Estonie
50%
1310,15Lettonie
49%
4+11,60Republique tcheque
49%
8+11,10Luxembourg
47%
1510,00Slovaquie
47%
209,60Slovenie
43%

Distribution des résultats

Percentile par nombre de réponses

% des personnes avec chaque résultat

Votre développement - résultats

Vous n’avez pas pris ce quiz